|
|
|
|
| LEADER |
00000nam a2200000 a 4500 |
| 001 |
vtls001335053 |
| 003 |
SK-MaSNL |
| 005 |
20260301235800.0 |
| 008 |
251124s1910 HU b 0 hun |
| 035 |
|
|
|a SNK000288015
|
| 040 |
|
|
|a SNK
|b slo
|c SNK
|e AACR2
|
| 041 |
0 |
|
|a hun
|
| 044 |
|
|
|a HU
|
| 080 |
|
|
|a 894.511-821
|2 1981
|
| 100 |
1 |
|
|a Mikszáth, Kálmán,
|d 1847-1910
|4 aut
|9 89516
|
| 245 |
1 |
0 |
|a Mikszáth Kálmán munkái
|n 13. köt.
|p Kisebb regények
|n 6. köt.
|p A szelistyei asszonyok. Ne okoskodj, Pista
|
| 260 |
|
|
|a Budapest
|b Révai
|c 1910
|e Budapest
|f Pallas
|
| 300 |
|
|
|a 204 s.
|c 20 cm
|
| 500 |
|
|
|a Zviazané spolu so zv. 12/5
|
| 600 |
1 |
|
|a Mikszáth, Kálmán,
|d 1847-1910
|2 SNK
|9 89516
|
| 958 |
|
|
|a ONDV
|
| 999 |
|
|
|c 976608
|d 978538
|
| 952 |
|
|
|t P60, <03>, [BOOK], {603}
|a SNK
|b SNK
|y PREZ
|7 0
|p 17A0140590
|o snkSD 3942/13/6
|i snkK 1948/94
|0 0
|1 0
|4 0
|d 1998-06-23
|l 0
|r 2025-11-07 00:00:00
|w 2026-02-24
|
| 952 |
|
|
|t P60, <04>, [BOOK], {604}
|a SNK
|b SNK
|y VYP
|7 0
|p 17A0140591
|o snkSD 3942/13/6 D1
|i snkF 866/98
|0 0
|1 0
|4 0
|d 1998-06-23
|l 0
|r 2005-01-02 00:00:00
|w 2026-02-24
|